000
00347nam a2200145Ia 4500
008
151213s9999 xx 000 0 und d
100
_a
W.R.Dillon
245
_a
Marketing Research
_c
W.R.Dillon
260
_a
Boston
_b
Irwin
_c
1993
300
_a
2758 p.
650
_a
Marketing
650
_a
Marketing
700
_a
W.R.Dillon
999
_c
1868
_d
1868